| 000 | 01513nam a2200253Ia 4500 | ||
|---|---|---|---|
| 999 |
_c51753 _d51753 |
||
| 001 | 18745 | ||
| 003 | GE_BSU | ||
| 005 | 20210413122146.0 | ||
| 008 | 181216s2014||||ge |||||||||||||| ||geo|| | ||
| 040 | _cGE_BSU | ||
| 041 | _ageo | ||
| 080 | _a61 ე-58 | ||
| 100 |
_aელოშვილი, მედეა _911267 |
||
| 245 |
_aმენინგოკოკური ინფექციის ეპიდემიოლოგია საქართველოში / _cმედეია ელოშვილი; სამეცნიერო ხელმძღვანელი ირაკლი მჭედლიშვილი, პაატა იმნაძე; თბილისის სახ-ლო სამედიცინო უნ-ტი. |
||
| 264 |
_aთბილისი, _c2014. |
||
| 300 |
_a112 გვ.; _b30 სმ. |
||
| 653 | _aდისერტაცია | ||
| 653 | _aმედიცინა | ||
| 653 | _aმენინგოკოკური ინფექციის ეპიდემიოლოგია საქართველოში. | ||
| 700 |
_aმჭედლიშვილი, ირაკლი _eსამეცნიერო ხელმძღვანელი _911268 |
||
| 700 |
_aიმნაძე, პაატა _eსამეცნიერო ხელმძღვანელი _911269 |
||
| 710 |
_aთბილისის სახ-ლო სამედიცინო უნ-ტი _910087 |
||
| 942 |
_cBK _2udc |
||